=LDR 00000nam 2200000 4500 =001 INLIS000000000035695 =005 20130612141530 =008 ***********************************Ind** =035 ##$$0010-061300000035695 =041 ##$$a Ind =082 ##$$a 340.57 =090 ##$$a 340.57, Set a =100 ##$$a Setiady, Tolib =245 ##$$a Intisari hukum adat indonesia dalam kajian kepustakaan, Tolib Setiady, SH =260 ##$$a 2008 $b Bandung =300 ##$$a 292 hlm, 21 cm =650 ##$$a Hukum adat =850 ##$$a NBPNMAT